| 000 | 00868nas a2200265 4500 | ||
|---|---|---|---|
| 001 | BR2013008638 | ||
| 003 | BR-BrBNA | ||
| 005 | 20231205123155.0 | ||
| 007 | ta | ||
| 008 | 230509b bl.|||p| |||| 00| 00por d | ||
| 040 |
_aBR-BrBNA _bpor _cBiblioteca Nacional de Agricultura |
||
| 041 | _a(Pt) | ||
| 072 | _aP40; P10; M12 | ||
| 100 | 1 | _aPereira, N. | |
| 100 | 1 | _aD'Incao, F. | |
| 245 | 1 | _aPrecipitação pluvial na bacia hidrográfica da Lagoa dos Patos, no período de 1964 a 2007 e suas associações com as safras de camarão-rosa | |
| 650 | _aPRECIPITAÇÃO PLUVIAL | ||
| 650 | _aBACIA HIDROGRÁFICA | ||
| 650 | _aCAMARÃO ROSA | ||
| 650 | _aPÓS-LARVA | ||
| 650 | _aESTUÁRIO | ||
| 773 | 0 |
_tAtlântica (Brazil) _xISSN 0102-1656 _g(Jan-Jun 2012), v. 34(2) p. 145-156 _wBR2013008638 |
|
| 909 |
_a202311 _bLúcia _c55 _dLúcia Elande |
||
| 942 |
_2AGRIS _n0 _cANA |
||
| 999 |
_c232534 _d232534 |
||